Report on the working of the cooperative societies (Record no. 677155)

MARC details
000 -LEADER
fixed length control field 00619nam a2200217Ia 4500
003 - CONTROL NUMBER IDENTIFIER
control field OSt
005 - DATE AND TIME OF LATEST TRANSACTION
control field 20220926045258.0
008 - FIXED-LENGTH DATA ELEMENTS--GENERAL INFORMATION
fixed length control field 220923b |||||||| |||| 00| 0 eng d
037 ## - SOURCE OF ACQUISITION
Terms of availability General Book
040 ## - CATALOGING SOURCE
Original cataloging agency RTL
Transcribing agency RTL
Language of cataloging eng
041 ## - LANGUAGE CODE
Source of code eng
Language code of text/sound track or separate title eng
110 ## - MAIN ENTRY--CORPORATE NAME
Corporate name or jurisdiction name as entry element Andhra Pradesh, Cooperative Societies
9 (RLIN) 350014
245 #0 - TITLE STATEMENT
Title Report on the working of the cooperative societies
260 ## - PUBLICATION, DISTRIBUTION, ETC.
Date of publication, distribution, etc. 1972
700 ## - ADDED ENTRY--PERSONAL NAME
Personal name Andhra Pradesh, Cooperative Societies
9 (RLIN) 350015
942 ## - ADDED ENTRY ELEMENTS (KOHA)
Classification part XM.216r, L2/GD
Koha item type General Books
Source of classification or shelving scheme Colon Classification (CC)
Holdings
Withdrawn status Lost status Damaged status Not for loan Home library Current library Date acquired Total Checkouts Full call number Barcode Date last seen Price effective from Koha item type
        Ratan Tata Library Ratan Tata Library 2022-09-26   XM.216r L2/GD RT0494834 2022-09-26 2022-09-26 General Books
Copyright @ Delhi University Library System